{"text_format":"3","workbook":"xlsx","n_sheets":1,"sheets":["Worksheet"],"read":"whole","date_system":"1900"}

{"sheet":"Worksheet","index":0,"n_rows":25,"n_cols":14,"rows_kept":25}
["Фамилия","Имя","Отчество","Пол","Участник с ОВЗ","Класс","Класс участия","Балл","Макс. балл","Статус","Призер МЭ прошлого года","Учитель","Место работы учителя","Предмет"]
["Даутова","Зарина","Ильнуровна","ж",null,8,8,48,100,"участник",null,"Матвеева Светлана Ивановна","ВСОШ 2","Астрономия"]
["Иванищина","Виктория","Борисовна","ж",null,8,8,22,100,"участник",null,"Матвеева Светлана Ивановна","ВСОШ 2","Астрономия"]
["Кузнецова","Вероника","Алексеевна","ж",null,8,8,37,100,"участник",null,"Матвеева Светлана Ивановна","ВСОШ 2","Астрономия"]
["Максимов","Глеб","Николаевич","м",null,8,8,47,100,"участник",null,"Матвеева Светлана Ивановна","ВСОШ 2","Астрономия"]
["Мустафина","Райана","Дамировна","ж",null,8,8,44,100,"участник",null,"Матвеева Светлана Ивановна","ВСОШ 2","Астрономия"]
["Тахавиев","Айнур","Азатович","м",null,8,8,55,100,"призер",null,"Матвеева Светлана Ивановна","ВСОШ 2","Астрономия"]
["Гимадиева","Ясмина","Ильнуровна","ж",null,8,8,44,100,"участник",null,"Матвеева Светлана Ивановна","ВСОШ 2","Астрономия"]
["Тагирова","Зиля","Рафкатовна","ж",null,8,8,42,100,"участник",null,"Матвеева Светлана Ивановна","ВСОШ 2","Астрономия"]
["Файзиева","Азалия","Алмазовна","ж",null,8,8,42,100,"участник",null,"Матвеева Светлана Ивановна","ВСОШ 2","Астрономия"]
["Сергухин","Вячеслав","Александрович","м",null,9,9,62,100,"призер",null,"Матвеева Светлана Ивановна","ВСОШ 2","Астрономия"]
["Аксанова","Ясмина","Ильнаровна","ж",null,10,10,70,100,"призер",null,"Матвеева Светлана Ивановна","ВСОШ 2","Астрономия"]
["Алеева","Малика","Альмировна","ж",null,10,10,73,100,"призер",null,"Матвеева Светлана Ивановна","ВСОШ 2","Астрономия"]
["Булашов","Андрей","Дмитриевич","м",null,10,10,67,100,"призер",null,"Матвеева Светлана Ивановна","ВСОШ 2","Астрономия"]
["Лимонов","Никита","Антонович","м",null,10,10,53,100,"призер",null,"Матвеева Светлана Ивановна","ВСОШ 2","Астрономия"]
["Мелешенко","Мария","Сергеевна","ж",null,10,10,43,100,"участник",null,"Матвеева Светлана Ивановна","ВСОШ 2","Астрономия"]
["Потапов","Николай","Антонович","м",null,10,10,39,100,"участник",null,"Матвеева Светлана Ивановна","ВСОШ 2","Астрономия"]
["Сафиуллин","Ислам","Маратович","м",null,10,10,44,100,"участник",null,"Матвеева Светлана Ивановна","ВСОШ 2","Астрономия"]
["Фасхутдинова","Зарина","Дамировна","ж",null,10,10,60,100,"призер",null,"Матвеева Светлана Ивановна","ВСОШ 2","Астрономия"]
["Шакирова","Ралина","Радиковна","ж",null,10,10,51,100,"призер",null,"Матвеева Светлана Ивановна","ВСОШ 2","Астрономия"]
["Хусаинов","Мурат","Булатович","м",null,10,10,91,100,"победитель",null,"Матвеева Светлана Ивановна","ВСОШ 2","Астрономия"]
["Максимов","Даниэль","Сергеевич","м",null,11,11,86,100,"победитель",null,"Матвеева Светлана Ивановна","ВСОШ 2","Астрономия"]
["Шакиров","Нияз","Ильгизович","м",null,11,11,82,100,"победитель",null,"Матвеева Светлана Ивановна","ВСОШ 2","Астрономия"]
["Валиева","Зайтуна","Фаридовна","ж",null,10,11,20,100,"участник",null,"Фасхутдинова Л.И.","ВСОШ 2","Астрономия"]
["Зиатдинова","Айзиля","Рамилевна","ж",null,10,11,38,100,"участник",null,"Фасхутдинова Л.И.","ВСОШ 2","Астрономия"]